000 00321nam a22001337a 4500
999 _c13735
_d13735
020 _a9781260147704
082 _a150
100 _aFeldman, Robert S.
245 _aEssentials of Understanding Psychology
250 _a12e
260 _aNew York
_bMcGraw Hill Education
_c2017
300 _axxxvi, 532 pages
942 _cBK